000 00622nam a2200229Ia 4500
003 OSt
005 20230518163809.0
008 210423s2009 xx 000 0 und d
020 _a978-81-203-3748-0
040 _cAL
041 _aeng
082 _a339 GODM
_223
100 _aGOODWIN (Neva);NELSON (Julie A);HARRIS (Jonathan)
_9109096
245 _aMacroeconomics: in context
260 _aNew Delhi
_bPHI Learning Pvt Ltd
_c2009
300 _axxiv,437
_bPB
365 _b350
_cINR
650 _aEconomics
_9109097
650 _aMacroeconomics
_9109098
906 _acontext. ; Macroeconomics:
942 _2ddc
_cBK
999 _c165199
_d165199